Barnyard : (Record no. 109460)
[ view plain ]
| 000 -LEADER | |
|---|---|
| fixed length control field | 00358nam a2200133 a 4500 |
| 005 - DATE AND TIME OF LATEST TRANSACTION | |
| control field | 20140414093844.0 |
| 008 - FIXED-LENGTH DATA ELEMENTS--GENERAL INFORMATION | |
| fixed length control field | 090625s19uu xx uuu eng d |
| 050 ## - LIBRARY OF CONGRESS CALL NUMBER | |
| Classification number | VCD 791.43 |
| Item number | BAR 2006 |
| 100 ## - MAIN ENTRY--PERSONAL NAME | |
| Personal name | Oedekerk, Steve |
| 245 ## - TITLE STATEMENT | |
| Title | Barnyard : |
| Remainder of title | the original party animals / |
| Statement of responsibility, etc | Steve Oedekerk. |
| 650 ## - SUBJECT ADDED ENTRY--TOPICAL TERM | |
| Topical term or geographic name as entry element | Motion pictures. |
| 942 ## - ADDED ENTRY ELEMENTS (KOHA) | |
| Koha item type | Audio Visual Materials |
| Withdrawn status | Lost status | Damaged status | Home library | Current library | Shelving location | Date acquired | Source of acquisition | Total Checkouts | Total Renewals | Full call number | Barcode | Date last seen | Date checked out | Price effective from | Koha item type |
|---|---|---|---|---|---|---|---|---|---|---|---|---|---|---|---|
| Luxembourg Library | Luxembourg Library | Audio Visual Material Section | 06/25/2009 | 1 | 1 | VCD 791.43 BAR 2006 | AV1110 | 09/27/2016 | 09/02/2016 | 04/14/2014 | Audio Visual Materials |